MARC

LEADER 00000nam0a2200000 4500
001 114600
005 20231031122315.0
035 |a (RuTPU)RU\TPU\book\123928 
090 |a 114600 
100 |a 20070424d1984 km y0rusy50 ca 
101 0 |a rus 
102 |a RU 
105 |a y z 001zy 
200 1 |a Китайская Народная Республика в 1980 году: политика, экономика, идеология  |e ежегодник  |f Академия наук СССР (АН СССР), Институт Дальнего Востока (ИДВ) ; под ред. М. И. Сладковского 
210 |a Москва  |c Наука  |d 1984 
215 |a 256 с. 
320 |a Именной указатель: с. 243-247. 
320 |a Указатель географических названий: с. 248-251. 
610 1 |a Китайская Народная Республика 
610 1 |a политика 
610 1 |a экономика 
610 1 |a идеология 
610 1 |a государственный строй 
610 1 |a политические партии 
610 1 |a общественные организации 
610 1 |a социальные проблемы 
610 1 |a политические проблемы 
610 1 |a внешняя политика 
610 1 |a международные отношения 
610 1 |a культура 
610 1 |a просвещение 
610 1 |a наука 
610 1 |a приложения 
686 |a Ф2(5Кит)я2  |v LBC/SL-A  |2 rubbk 
702 1 |a Сладковский  |b М. И.  |g Михаил Иосифович  |4 340 
712 0 2 |a Академия наук СССР (АН СССР)  |b Институт Дальнего Востока (ИДВ)  |c (Москва)  |2 stltpush  |3 (RuTPU)RU\TPU\col\11572 
801 1 |a RU  |b 63413507  |c 20070424  |g PSBO 
801 2 |a RU  |b 63413507  |c 20160219  |g PSBO 
942 |c BK